Rule of Law and human rights in India : (Record no. 80936)

MARC details
000 -LEADER
fixed length control field 00745nam a22002057a 4500
005 - DATE AND TIME OF LATEST TRANSACTION
control field 20151120114505.0
010 ## - LCCN (DPL NO)
LC control number G-2355 ENG-114161
020 ## - INTERNATIONAL STANDARD BOOK NUMBER
International Standard Book Number 9789350351703
Terms of availability 495.00
035 ## - SYSTEM CONTROL NUMBER
System control number G-2355
035 ## - SYSTEM CONTROL NUMBER
System control number EN-97693
037 ## - SOURCE OF ACQUISITION
Stock number DBAD/PUB
082 ## - DEWEY DECIMAL CLASSIFICATION NUMBER
Classification number 340.110954
245 ## - TITLE STATEMENT
Title Rule of Law and human rights in India :
Statement of responsibility, etc edited by Lokendra Malik ; foreworded by P.N. Bhagwati
Remainder of title essays in honour and memory of Justice H.R. Khanna /
260 ## - PUBLICATION, DISTRIBUTION, ETC. (IMPRINT)
Place of publication, distribution, etc New Delhi
Name of publisher, distributor, etc Universal Law Publishing
Date of publication, distribution, etc 2012
270 ## - ADDRESS
Address C-FF-1A, Dilkhush Industrial Estate, G.T. Karnal Road,
City New Delhi
Postal code 110033
300 ## - PHYSICAL DESCRIPTION
Extent xxxviii,252p.
Dimensions 25cm(pbk)
700 ## - ADDED ENTRY--PERSONAL NAME
Personal name Malik, Lokendra
942 ## - ADDED ENTRY ELEMENTS (KOHA)
Source of classification or shelving scheme Dewey Decimal Classification
Item type English Books
Classification part 340.110954
Call number suffix KHA
Holdings
Withdrawn status Lost status Not for loan Collection code Home library Current library Date acquired Cost, normal purchase price Full call number Barcode Copy number Cost, replacement price Koha item type Source of acquisition
    Not For Loan Non-fiction D.B.Act.Division D.B.Act.Division 28/09/2015 495.00 340.110954 KHA EN-97693 1 495.00 English Books DBAD/PUB
      Non-fiction Janak Puri Janak Puri 29/11/2013 495.00 340.110954 KHA G-2355 1 495.00 English Books  

© Delhi Public Library
Hit Counter
free hit counter